Liberia Country Quiz - Statistics

General Stats
  • This quiz has been taken 21,703 times
    21,660 since last reset
  • The average score is 10 of 14
Answer Stats
Question Answer % Correct
Official language English
98%
Liberia was founded as a place for freed slaves from this country United States
96%
By law, a Liberian man may have as many as four ____ Wives
93%
Bordering countries Sierra Leone
92%
Bordering countries Guinea
91%
Bordering countries Ivory Coast
91%
Currency of Liberia Dollar
86%
Capital city of Liberia Monrovia
86%
President of that country for whom the capital was named James Monroe
80%
Historical name for Liberia (hint: a spice) {Pepper} Coast
52%
Tree product that accounts for 11% of Liberia's exports Rubber
49%
As a popular "flag of convenience", Liberia technically has the second-most _____ tonnage of any country Shipping
41%
Footballer who won the Ballon d'Or in 1995 and was elected President in 2018 George Weah
38%
Brutal warlord convicted of crimes against humanity by the Hague in 2012 Charles {Taylor}
25%
No matching quizzes found
Score Distribution
Percent of People with Each Score
Percentile by Number Answered
Your Score History
You have not taken this quiz since the last reset